| 000 | 00491nam a2200169 i 4500 | ||
|---|---|---|---|
| 001 | 73904 | ||
| 003 | ES-MaACL | ||
| 005 | 20230906171945.0 | ||
| 007 | t| | ||
| 008 | 040913s1919 sp ||||1| spa d | ||
| 100 | 1 |
_aGóngora Echenique, Manuel. _958244 |
|
| 245 | 1 | 0 |
_aAdulterio / _cManuel Góngora Echenique ; prólogo de Carlos Díaz Valero. |
| 260 |
_aTortosa : _bMonclús, _c1919. |
||
| 300 |
_a170 p. ; _c20 cm. |
||
| 700 | 1 |
_aDíaz Valero, Carlos. _944445 |
|
| 852 |
_aES-MaACL _jF-7666 |
||
| 999 |
_c73904 _d73904 |
||